5HLuxD.jpg

KING HENRY VIII SENIOR AND PRIMARY SCHOOL LIBRARY OPAC

I am a bunny / (Record no. 5139)

000 -LEADER
fixed length control field 01322cam a22003737a 4500
001 - CONTROL NUMBER
control field 13130184
003 - CONTROL NUMBER IDENTIFIER
control field OSt
005 - DATE AND TIME OF LATEST TRANSACTION
control field 20250702140804.0
008 - FIXED-LENGTH DATA ELEMENTS--GENERAL INFORMATION
fixed length control field 030320s2004 nyua j 000 0 eng
010 ## - LIBRARY OF CONGRESS CONTROL NUMBER
LC control number 2003104184
020 ## - INTERNATIONAL STANDARD BOOK NUMBER
International Standard Book Number 0375827781
020 ## - INTERNATIONAL STANDARD BOOK NUMBER
International Standard Book Number 9780375827785
035 ## - SYSTEM CONTROL NUMBER
System control number 13130184
035 ## - SYSTEM CONTROL NUMBER
System control number (DLC) 2003104184
040 ## - CATALOGING SOURCE
Original cataloging agency DLC
Transcribing agency DLC
Modifying agency DLC
050 00 - LIBRARY OF CONGRESS CALL NUMBER
Classification number MLCM 2006/01702 (P)
082 ## - DEWEY DECIMAL CLASSIFICATION NUMBER
Classification number FIC SCA
100 1# - MAIN ENTRY--PERSONAL NAME
Personal name Risom, Ole.
245 10 - TITLE STATEMENT
Title I am a bunny /
Statement of responsibility, etc. by Ole Risom ; Illustrated by Richard Scarry.
250 ## - EDITION STATEMENT
Edition statement 1st Random House ed.
260 ## - PUBLICATION, DISTRIBUTION, ETC.
Place of publication, distribution, etc. New York, NY :
Name of publisher, distributor, etc. Random House,
Date of publication, distribution, etc. 2004.
300 ## - PHYSICAL DESCRIPTION
Extent 1 v. (various pagings) :
Other physical details col. ill. ;
Dimensions 24 cm.
336 ## - CONTENT TYPE
Content type term text
Content type code txt
Source rdacontent
337 ## - MEDIA TYPE
Media type term unmediated
Media type code n
Source rdamedia
338 ## - CARRIER TYPE
Carrier type term volume
Carrier type code nc
Source rdacarrier
490 0# - SERIES STATEMENT
Series statement A golden sturdy book
700 1# - ADDED ENTRY--PERSONAL NAME
Personal name Scarry, Richard.
856 42 - ELECTRONIC LOCATION AND ACCESS
Materials specified Publisher description
Uniform Resource Identifier <a href="http://www.loc.gov/catdir/enhancements/fy0704/2003104184-d.html">http://www.loc.gov/catdir/enhancements/fy0704/2003104184-d.html</a>
856 42 - ELECTRONIC LOCATION AND ACCESS
Materials specified Contributor biographical information
Uniform Resource Identifier <a href="http://www.loc.gov/catdir/enhancements/fy1309/2003104184-b.html">http://www.loc.gov/catdir/enhancements/fy1309/2003104184-b.html</a>
906 ## - LOCAL DATA ELEMENT F, LDF (RLIN)
a 7
b cbc
c orignew
d 4
e epcn
f 20
g y-gencatlg
942 ## - ADDED ENTRY ELEMENTS (KOHA)
Source of classification or shelving scheme
Koha item type Books - Fiction
Holdings
Withdrawn status Lost status Source of classification or shelving scheme Damaged status Not for loan Collection code Permanent Location Current Location Shelving location Date acquired Total Checkouts Full call number Barcode Date last seen Date last checked out Price effective from Koha item type Public note
          Fiction KH8 Primary School Library KH8 Primary School Library Fiction 2025-07-02 5 FIC SCA KHPL000007311 2026-02-24 2026-02-11 2025-07-02 Books - Fiction KH8 PRIMARY LIBRARY

Powered By KH8 IT Dept